A Practical Introduction to Mixed Methods for Business and Management (Record no. 43336)
[ view plain ]
| 000 -LEADER | |
|---|---|
| fixed length control field | 00526nam a22001817a 4500 |
| 005 - DATE AND TIME OF LATEST TRANSACTION | |
| control field | 20250317105308.0 |
| 008 - FIXED-LENGTH DATA ELEMENTS--GENERAL INFORMATION | |
| fixed length control field | 250317b |||||||| |||| 00| 0 eng d |
| 020 ## - INTERNATIONAL STANDARD BOOK NUMBER | |
| International Standard Book Number | 9781526462497 |
| 041 ## - LANGUAGE CODE | |
| Language code of text/sound track or separate title | Eng |
| 082 ## - DEWEY DECIMAL CLASSIFICATION NUMBER | |
| Classification number | 658.4092 BAZ |
| 100 ## - MAIN ENTRY--PERSONAL NAME | |
| Author | Bazeley, Pat |
| 245 ## - TITLE STATEMENT | |
| Title | A Practical Introduction to Mixed Methods for Business and Management |
| 250 ## - EDITION STATEMENT | |
| Edition statement | 1st |
| 260 ## - PUBLICATION, DISTRIBUTION, ETC. | |
| Place | London |
| Publisher | SAGE Publications |
| Publication Year | 2018 |
| 300 ## - PHYSICAL DESCRIPTION | |
| Extent | 123;. P. 23 cm |
| 650 ## - SUBJECT ADDED ENTRY--TOPICAL TERM | |
| Subject | Business Strategy; Leadership; Human Resource Management. |
| 942 ## - ADDED ENTRY ELEMENTS (KOHA) | |
| Koha item type | Books |
| Withdrawn status | Lost status | Source of classification or shelving scheme | Damaged status | Not for loan | Home library | Current library | Shelving location | Accession Date | Vendor | Price | Bill number | Full call number | Barcode No | Date last seen | Discount | Bill Date | Koha item type | Suggested By |
|---|---|---|---|---|---|---|---|---|---|---|---|---|---|---|---|---|---|---|
| Dewey Decimal Classification | IMTN | IMTN | Rack 30-B | 03/17/2025 | Raghav Books Private Limited | 3449.19 | 2374 | 658.4092 BAZ | 33627 | 03/17/2025 | 33 | 02/14/2025 | Books | Dr. Ajitabh Dash |